000 00322nam a22001457a 4500
008 210521b ||||| |||| 00| 0 eng d
020 _a9780321750907
041 _aeng
080 _22nd
_a541
082 _a541
100 _a12
101 _aKIM
245 _aPrinciples of Chemistry
_cNivaldo J. Tro
942 _2udc
_cBK
999 _c57569
_d57569